000 01428nam a2200229Ia 4500
003 Ost
005 20260507075020.0
008 260507s9999||||xx |||||||||||||| ||und||
020 _a2679215977
040 _cfsecg
041 _aara
082 _a301.31
100 _aالأشوح، زينب صالح
_eمؤلف
245 0 _aالإطراد والبيئة ومداواة البطالة /
_c زينب صالح الأشوح
260 _aالاسكندرية:
_bدارغريب للنشر والتوزيع,
_c2003
300 _a163 صفحة؛
_bإيضاحات ؛
_c23 سم
520 _aالتنمية المطردة- تعريفها وأهم أبعادها - المنظور المصري للتنمية المطردة- بعض الجهود الفكرية والتجارب العلمية المبذولةفي مجال حماية البيئة -صورة قطاعية للتجارب العلمية في مجال البيئة وإطرادها- بعض الجهود الفكرية والتجارب العملية المبذولة في مجال حماية البيئة وإطراد الموارد في مصر االحلول الكامنة في استثمارات البيئة في معالجة أزمة البطالة في مصر - الحفاظ على البيئة وإطراد مواردها من المنظور الاسلامي
653 _aالبطالة
653 _aالبيئة
653 _aتجارب
942 _cكتاب
999 _c42270
_d42270